| 000 | 00393nam a2200145Ia 4500 | ||
|---|---|---|---|
| 008 | 150201s2002 xx 000 0 und d | ||
| 082 |
_a615.32 _bP2002G |
||
| 100 | _aHARDMAN | ||
| 245 | _aGOODMAN & GILMANS: THE PHARMACOLOGICAL BASIS OF THERAPEUTICS | ||
| 250 | _a10TH | ||
| 260 |
_bMc-GRAW-HILL L PUBLISHING _aNEW YORK _c2002 |
||
| 300 | _aJan-48 | ||
| 650 | _aPHARMACOLOGY | ||
| 942 |
_2ddc _cBK |
||
| 999 |
_c2668 _d2668 |
||